|
|
|
|
| LEADER |
00000nam0a2200000 4500 |
| 001 |
158259 |
| 005 |
20231101222026.0 |
| 010 |
|
|
|a 9785222133910
|
| 035 |
|
|
|a (RuTPU)RU\TPU\book\171640
|
| 035 |
|
|
|a RU\TPU\book\113320
|
| 090 |
|
|
|a 158259
|
| 100 |
|
|
|a 20061113d2008 m y0rusy50 ca
|
| 101 |
0 |
|
|a rus
|
| 102 |
|
|
|a RU
|
| 105 |
|
|
|a a j 001zy
|
| 200 |
1 |
|
|a Экономическая теория
|e учебник
|f под ред. О. С. Белокрыловой
|
| 210 |
|
|
|a Ростов-на-Дону
|c Феникс
|d 2008
|
| 215 |
|
|
|a 444 с.
|c ил.
|
| 225 |
1 |
|
|a Высшее образование
|
| 320 |
|
|
|a Библиогр.: с. 437.
|
| 330 |
|
|
|a В предлагаемом учебнике на основе государственного стандарта высшего профессионального образования для экономических специальностей и направлений излагаются базовые принципы экономической теории, даны категориальные формулировки понятий и терминов, а также выявлены общие закономерности современной хозяйственной деятельности. Структура учебника определяется последовательностью перехода от микроэкономических проблем к макроэкономическим. Для студентов, аспирантов, преподавателей экономических вузов и факультетов и всех интересующихся актуальными проблемами экономической сферы.
|
| 451 |
|
1 |
|0 (RuTPU)RU\TPU\book\113320
|y 5-222-08175-3
|t Экономическая теория
|o учебник
|f под ред. О. С. Белокрыловой
|c Ростов-на-Дону
|n Феникс
|d 2006
|p 448 с.
|s Высшее образование
|
| 606 |
1 |
|
|a Экономическая теория
|2 stltpush
|3 (RuTPU)RU\TPU\subj\26589
|9 50481
|
| 610 |
1 |
|
|a экономика
|
| 610 |
1 |
|
|a собственность
|
| 610 |
1 |
|
|a ресурсы
|
| 610 |
1 |
|
|a затраты
|
| 610 |
1 |
|
|a ограничения
|
| 610 |
1 |
|
|a микроэкономика
|
| 610 |
1 |
|
|a рынок
|
| 610 |
1 |
|
|a потребительское поведение
|
| 610 |
1 |
|
|a прибыль
|
| 610 |
1 |
|
|a максимизация
|
| 610 |
1 |
|
|a совершенная конкуренция
|
| 610 |
1 |
|
|a монополия
|
| 610 |
1 |
|
|a олигополия
|
| 610 |
1 |
|
|a риски
|
| 610 |
1 |
|
|a безопасность
|
| 610 |
1 |
|
|a домашние хозяйства
|
| 610 |
1 |
|
|a макроэкономика
|
| 610 |
1 |
|
|a инвестиции
|
| 610 |
1 |
|
|a экономические циклы
|
| 610 |
1 |
|
|a теория ожиданий
|
| 610 |
1 |
|
|a рынок ценных бумаг
|
| 610 |
1 |
|
|a монетарная политика
|
| 610 |
1 |
|
|a государственный бюджет
|
| 610 |
1 |
|
|a налоговая система
|
| 610 |
1 |
|
|a учебники
|
| 686 |
|
|
|a У011я73
|v LBC/SL-A
|2 rubbk
|
| 702 |
|
1 |
|a Белокрылова
|b О. С.
|g Ольга Спиридоновна
|4 340
|
| 801 |
|
1 |
|a RU
|b 63413507
|c 20090421
|g PSBO
|
| 801 |
|
2 |
|a RU
|b 63413507
|c 20191206
|g PSBO
|
| 900 |
|
|
|a Экономическая теория
|
| 942 |
|
|
|c BK
|
| 955 |
|
|
|a 521600
|b 080000
|
| 959 |
|
|
|a 51/20090420
|d 7
|e 0
|f АНЛ:1
|f ЧЗГЛ:1
|f УФ:5
|